| 000 | 00488nam a22001457a 4500 | ||
|---|---|---|---|
| 003 | MACL | ||
| 005 | 20190521155122.0 | ||
| 008 | 190521b xxu||||| |||| 00| 0 eng d | ||
| 040 | _cMACL | ||
| 100 |
_aमिश्र,डॉ. भगवतीशरण _969629 |
||
| 245 | _aमैं राम बोल रहा हूँ | ||
| 260 |
_aनई दिल्ली _bप्रकाशन संस्थान _c2017 |
||
| 650 |
_aउपन्यास _974893 |
||
| 942 |
_2ddc _cHIN |
||
| 999 |
_c59784 _d59784 |
||